Traduction des Pokémon de la 2G [EN>FR] - Statistiques

Statistiques générales
  • Ce quiz a été pris 31 fois
  • Le résultat moyen est 18 sur 20
Statistiques - réponses
Nom anglais Nom français % Correct
Feraligatr Aligatueur
100%
Azumarill Azumarill
100%
Celebi Celebi
100%
Stantler Cerfrousse
100%
Scizor Cizayox
100%
Piloswine Cochignon
100%
Corsola Corayon
100%
Murkrow Cornèbre
100%
Ledyba Coxy
100%
Mantine Démanta
100%
Houndoom Démolosse
100%
Donphan Donphan
100%
Miltank Écrémeuh
100%
Elekid Élekid
100%
Larvitar Embrylex
100%
Entei Entei
100%
Forretress Foretress
100%
Chikorita Germignon
100%
Girafarig Girafarig
100%
Granbull Granbull
100%
Sunflora Héliatronc
100%
Ho-oh Ho-Oh
100%
Hoothoot Hoothoot
100%
Kingdra Hyporoi
100%
Totodile Kaiminus
100%
Hitmontop Kapoera
100%
Lanturn Lanturn
100%
Blissey Leuphorie
100%
Slugma Limagma
100%
Lugia Lugia
100%
Magby Magby
100%
Houndour Malosse
100%
Marill Marill
100%
Meganium Méganium
100%
Cleffa Mélo
100%
Spinarak Mimigal
100%
Natu Natu
100%
Noctowl Noarfang
100%
Umbreon Noctali
100%
Crobat Nostenfer
100%
Octillery Octillery
100%
Phanpy Phanpy
100%
Ampharos Pharamp
100%
Pichu Pichu
100%
Porygon2 Porygon2
100%
Qwilfish Qwilfish
100%
Raikou Raikou
100%
Remoraid Rémoraid
100%
Slowking Roigada
100%
Snubbull Snubbull
100%
Steelix Steelix
100%
Suicune Suicune
100%
Politoed Tarpaud
100%
Teddiursa Teddiursa
100%
Togepi Togepi
100%
Togetic Togetic
100%
Igglybuff Toudoudou
100%
Sunkern Tournegrin
100%
Typhlosion Typhlosion
100%
Tyranitar Tyranocif
100%
Ursaring Ursaring
100%
Xatu Xatu
100%
Yanma Yanma
100%
Ledian Coxyclaque
90%
Dunsparce Insolourdo
89%
Croconaw Crocrodil
88%
Cyndaquil Héricendre
88%
Bayleef Macronium
88%
Smeargle Queulorior
86%
Delibird Cadoizo
83%
Aipom Capumain
83%
Furret Fouinar
83%
Swinub Marcacrin
83%
Wooper Axoloto
80%
Sentret Fouinette
80%
Flaaffy Lainergie
80%
Quagsire Maraiste
80%
Unown Zarbi
80%
Skarmory Airmure
75%
Shuckle Caratroc
75%
Jumpluff Cotovol
75%
Espeon Mentali
75%
Heracross Scarhino
75%
Mareep Wattouat
75%
Tyrogue Debugant
71%
Magcargo Volcaropod
71%
Ariados Migalos
70%
Hoppip Granivol
67%
Pineco Pomdepik
67%
Wobbuffet Qulbutoké
67%
Sudowoodo Simularbre
67%
Skiploom Floravol
63%
Quilava Feurisson
60%
Bellossom Joliflor
60%
Gligar Scorplane
60%
Pupitar Ymphect
60%
Misdreavus Feuforêve
56%
Sneasel Farfuret
50%
Smoochum Lippouti
33%
Chinchou Loupio
0%
Aucun quiz correspondant
Distribution des résultats
% des personnes avec chaque résultat
Percentile par nombre de réponses
Votre historique - résultats
Vous n’avez pas pris ce quiz